[Event "SVK-chT4 A22 1819"]
[Site "Slovakia"]
[Date "2018.12.16"]
[Round "5.5"]
[White "Polak, Peter"]
[Black "Gajarsky, Julius"]
[Result "1-0"]
[WhiteElo "1808"]
[BlackElo "1703"]
[PlyCount "105"]
[EventDate "2018.10.14"]
[EventType "team-tourn"]
[EventRounds "11"]
[EventCountry "SVK"]
[SourceTitle "EXT 2020"]
[Source "ChessBase"]
[SourceDate "2019.10.17"]
[SourceVersion "1"]
[SourceVersionDate "2019.10.17"]
[SourceQuality "1"]

1. e4 c5 2. Nf3 Nc6 3. d4 cxd4 4. Nxd4 e5 5. Nb5 d6 6. N1c3 a6 7. Na3 Be6 8. Nc4 b5 9. Ne3 Nf6 10. a3 Be7 11. Be2 0-0 12. 0-0 Nd4 13. Bd3 Rc8 14. Ne2 Nxe2+ 15. Qxe2 Qb6 16. Bd2 Qb7 17. f3 h6 18. Kh1 Nh5 19. g3 Kh8 20. a4 Bd7 21. Nd5 Bd8 22. Be3 f5 23. axb5 Bxb5 24. Bxb5 Qxb5 25. Qxb5 axb5 26. c3 fxe4 27. fxe4 Nf6 28. Nxf6 Bxf6 29. Rad1 Be7 30. Rxf8+ Bxf8 31. Kg2 Rc4 32. Kf3 b4 33. Bd2 bxc3 34. Bxc3 Kg8 35. Ke3 Rc7 36. Rd5 Kf7 37. Kd3 Ke6 38. b4 g5 39. b5 Be7 40. Ba5 Rb7 41. Kc4 Kd7 42. Kb4 Rb8 43. Kc4 Rc8+ 44. Kb3 Rc1 45. Rd2 Re1 46. Rxd6+ Bxd6 47. Bxe1 Bc5 48. Kc4 Bg1 49. h3 h5 50. g4 hxg4 51. hxg4 Be3 52. Kd5 Bf4 53. Bc3 1-0

[Event "SVK-chT4 A22 1819"]
[Site "Slovakia"]
[Date "2018.12.02"]
[Round "4.3"]
[White "Polak, Peter"]
[Black "Bango, Dominik"]
[Result "1/2-1/2"]
[WhiteElo "1808"]
[BlackElo "1879"]
[PlyCount "83"]
[EventDate "2018.10.14"]
[EventType "team-tourn"]
[EventRounds "11"]
[EventCountry "SVK"]
[SourceTitle "EXT 2020"]
[Source "ChessBase"]
[SourceDate "2019.10.17"]
[SourceVersion "1"]
[SourceVersionDate "2019.10.17"]
[SourceQuality "1"]

1. e4 e5 2. Nf3 Nc6 3. Bc4 Bc5 4. c3 d6 5. b4 Bb6 6. a4 a6 7. d3 h6 8. Nbd2 Nf6 9. 0-0 0-0 10. Re1 Be6 11. Bxe6 fxe6 12. Nc4 Ba7 13. Be3 Bxe3 14. Nxe3 Qd7 15. Nf1 b5 16. axb5 axb5 17. Qb3 Kh8 18. Ng3 Rxa1 19. Rxa1 d5 20. exd5 exd5 21. Re1 Re8 22. Nd2 Nd8 23. Qa2 c6 24. h3 Nb7 25. Qa7 Nd6 26. Qxd7 Nxd7 27. Nf3 g6 28. Kf1 Kg7 29. Ra1 Kf6 30. Ra7 Nb8 31. Kg1 Nf5 32. Nxf5 gxf5 33. Nd2 Re7 34. Rxe7 Kxe7 35. f3 Nd7 36. Nb3 Kd6 37. Kf2 c5 38. g4 f4 39. Ke2 c4 40. dxc4 bxc4 41. Na5 Kc7 42. h4 1/2-1/2

[Event "SVK-chT4 A22 1718"]
[Site "Slovakia"]
[Date "2018.03.18"]
[Round "11.5"]
[White "Polak, Peter"]
[Black "Jancik, Ondrej"]
[Result "1-0"]
[WhiteElo "1787"]
[BlackElo "1643"]
[PlyCount "57"]
[EventDate "2017.10.01"]
[EventType "team-tourn"]
[EventRounds "11"]
[EventCountry "SVK"]
[SourceTitle "EXT 2020"]
[Source "ChessBase"]
[SourceDate "2019.10.17"]
[SourceVersion "1"]
[SourceVersionDate "2019.10.17"]
[SourceQuality "1"]

1. e4 c5 2. Nf3 d6 3. d4 cxd4 4. Nxd4 g6 5. Nc3 Bg7 6. Be3 Nf6 7. Be2 a6 8. Qd2 Nc6 9. f3 Qc7 10. 0-0-0 Ne5 11. Bh6 0-0 12. Bxg7 Kxg7 13. g4 Be6 14. h4 h5 15. gxh5 Nxh5 16. Rdg1 Qd7 17. f4 Nc4 18. Nxe6+ Qxe6 19. Qd4+ Nf6 20. Bxc4 Qd7 21. h5 e5 22. fxe5 dxe5 23. Qxe5 Rh8 24. h6+ Rxh6 25. Rxh6 Rd8 26. Nd5 Qc6 27. Rgh1 Rd6 28. Rh7+ Kf8 29. Qe7+ 1-0

[Event "SVK-chT4 A22 1718"]
[Site "Slovakia"]
[Date "2018.02.11"]
[Round "9.4"]
[White "Polak, Peter"]
[Black "Bango, Dominik"]
[Result "1-0"]
[WhiteElo "1787"]
[BlackElo "1779"]
[PlyCount "57"]
[EventDate "2017.10.01"]
[EventType "team-tourn"]
[EventRounds "11"]
[EventCountry "SVK"]
[SourceTitle "EXT 2020"]
[Source "ChessBase"]
[SourceDate "2019.10.17"]
[SourceVersion "1"]
[SourceVersionDate "2019.10.17"]
[SourceQuality "1"]

1. e4 e5 2. Nf3 Nc6 3. Bc4 Bc5 4. c3 d6 5. d4 exd4 6. cxd4 Bb4+ 7. Kf1 Bg4 8. Qb3 Qf6 9. d5 Nd4 10. Nxd4 Bc5 11. Nf3 Bxf3 12. gxf3 Bb6 13. Bb5+ Kf8 14. Rg1 Qh4 15. Rg2 Ne7 16. Be3 Ng6 17. Nd2 Qh3 18. Kg1 h5 19. Rg3 Qc8 20. Bf1 h4 21. Bh3 hxg3 22. Bxc8 gxh2+ 23. Kh1 Rxc8 24. Rc1 Ke7 25. Bxb6 axb6 26. Qe3 f6 27. f4 Nh4 28. Qg3 Kf7 29. f5 1-0

[Event "SVK-chT4 A22 1718"]
[Site "Slovakia"]
[Date "2018.01.14"]
[Round "7.3"]
[White "Polak, Peter"]
[Black "Csefalvay, Stefan"]
[Result "1/2-1/2"]
[WhiteElo "1787"]
[BlackElo "1824"]
[PlyCount "20"]
[EventDate "2017.10.01"]
[EventType "team-tourn"]
[EventRounds "11"]
[EventCountry "SVK"]
[SourceTitle "EXT 2020"]
[Source "ChessBase"]
[SourceDate "2019.10.17"]
[SourceVersion "1"]
[SourceVersionDate "2019.10.17"]
[SourceQuality "1"]

1. e4 c5 2. Nf3 Nc6 3. d4 cxd4 4. Nxd4 g6 5. Nc3 Bg7 6. Be3 Nf6 7. Nxc6 bxc6 8. e5 Nd5 9. Nxd5 cxd5 10. Bd4 0-0 1/2-1/2

[Event "SVK-chT4 A22 1718"]
[Site "Slovakia"]
[Date "2017.10.01"]
[Round "1.2"]
[White "Vlkovic, Pavol"]
[Black "Polak, Peter"]
[Result "1/2-1/2"]
[WhiteElo "1802"]
[BlackElo "1787"]
[PlyCount "56"]
[EventDate "2017.10.01"]
[EventType "team-tourn"]
[EventRounds "11"]
[EventCountry "SVK"]
[SourceTitle "EXT 2020"]
[Source "ChessBase"]
[SourceDate "2019.10.17"]
[SourceVersion "1"]
[SourceVersionDate "2019.10.17"]
[SourceQuality "1"]

1. e4 c5 2. d4 cxd4 3. c3 d5 4. Qxd4 dxe4 5. Qxe4 Nf6 6. Bb5+ Nbd7 7. Qf3 g6 8. Ne2 Bg7 9. 0-0 0-0 10. Qd3 Ne5 11. Qxd8 Rxd8 12. Ng3 Be6 13. Na3 a6 14. Be2 Nd3 15. Nc2 Nxc1 16. Rfxc1 Rd2 17. Bf3 Bh6 18. Nf1 Rd7 19. Re1 Rad8 20. Nd4 Bd5 21. Be2 Rc8 22. Red1 Bc4 23. Bxc4 Rxc4 24. Nf3 Bf4 25. Rxd7 Nxd7 26. Rd1 Rc7 27. g3 Bh6 28. N1d2 Bxd2 1/2-1/2

[Event "SVK-chT4 A22 1617"]
[Site "Slovakia"]
[Date "2017.01.29"]
[Round "8.6"]
[White "Polak, Peter"]
[Black "Drahos, Miroslav"]
[Result "1-0"]
[WhiteElo "1764"]
[BlackElo "1739"]
[PlyCount "82"]
[EventDate "2016.10.09"]
[EventType "team-tourn"]
[EventRounds "11"]
[EventCountry "SVK"]
[SourceTitle "EXT 2020"]
[Source "ChessBase"]
[SourceDate "2019.10.17"]
[SourceVersion "1"]
[SourceVersionDate "2019.10.17"]
[SourceQuality "1"]

1. e4 e5 2. Nf3 Nc6 3. Bc4 Nf6 4. d3 Bc5 5. 0-0 0-0 6. Nc3 d6 7. h3 a6 8. a3 Be6 9. Bxe6 fxe6 10. Be3 Ba7 11. Ne2 d5 12. exd5 exd5 13. Ng3 Bxe3 14. fxe3 Qd7 15. Qd2 Rad8 16. Qc3 Qe8 17. Qb3 b5 18. Rad1 Kh8 19. Qc3 h6 20. Rf2 e4 21. dxe4 Nxe4 22. Nxe4 dxe4 23. Rxd8 Nxd8 24. Nd2 Rxf2 25. Kxf2 Qf7+ 26. Kg1 Qd5 27. Qd4 Qxd4 28. exd4 e3 29. Nf3 Ne6 30. g3 g5 31. Kf1 h5 32. c3 g4 33. hxg4 hxg4 34. Ne5 Ng7 35. Nxg4 Nf5 36. Ke2 Nxg3+ 37. Kxe3 Nf5+ 38. Ke4 Nd6+ 39. Kd5 Nc4 40. Kc6 Nxb2 41. Kxc7 Nc4 1-0

[Event "SVK-chT4 A22 1516"]
[Site "Slovakia"]
[Date "2016.01.10"]
[Round "6.2"]
[White "Hornak, Pavol"]
[Black "Polak, Peter"]
[Result "1/2-1/2"]
[WhiteElo "1799"]
[BlackElo "1749"]
[PlyCount "130"]
[EventDate "2015.10.04"]
[EventType "team-tourn"]
[EventRounds "11"]
[EventCountry "SVK"]
[SourceTitle "EXT 2020"]
[Source "ChessBase"]
[SourceDate "2019.10.17"]
[SourceVersion "1"]
[SourceVersionDate "2019.10.17"]
[SourceQuality "1"]

1. d4 Nf6 2. c4 g6 3. Nc3 d5 4. Qa4+ c6 5. e3 Bg7 6. Be2 0-0 7. Nf3 Nbd7 8. cxd5 cxd5 9. 0-0 Nb6 10. Qd1 Bg4 11. Bd2 Rc8 12. Rc1 Nc4 13. b3 Nxd2 14. Qxd2 Qa5 15. Qb2 Bxf3 16. Bxf3 e6 17. Rc2 Rc7 18. b4 Qb6 19. Rfc1 Rfc8 20. a3 Bf8 21. Na2 Qd6 22. Rxc7 Rxc7 23. Rxc7 Qxc7 24. Qc3 Bd6 25. Qxc7 Bxc7 26. Nc3 Kf8 27. Kf1 Ke8 28. h3 Kd7 29. Ke2 Ne8 30. e4 Bb6 31. exd5 Bxd4 32. dxe6+ fxe6 33. Nb5 Bb2 34. Bxb7 Nd6 35. Nxd6 Kxd6 36. a4 Ba3 37. b5 Kc5 38. Be4 Kd4 39. Bc2 Bb4 40. f4 Kc3 41. Bd1 Bd6 42. Ke3 Bc5+ 43. Ke4 Bd6 44. Bg4 Kb4 45. Bxe6 Kxa4 46. Bd7 Kb4 47. g4 Kc5 48. f5 Bg3 49. f6 Kd6 50. Be8 Ke6 51. f7 Ke7 52. g5 Kf8 53. Kf3 Bd6 54. Kg4 Kg7 55. h4 Bc5 56. h5 gxh5+ 57. Kxh5 Be7 58. Kg4 Bc5 59. Kf5 Be3 60. Kg4 Bc5 61. Kf4 Bb4 62. Kf5 Bd2 63. Kg4 Bb4 64. Kh5 Bc5 65. Kg4 Bb4 1/2-1/2

[Event "SVK-chT4 A22 1516"]
[Site "Slovakia"]
[Date "2015.10.04"]
[Round "1.3"]
[White "Polak, Peter"]
[Black "Matis, Tibor"]
[Result "1/2-1/2"]
[WhiteElo "1737"]
[BlackElo "1695"]
[PlyCount "77"]
[EventDate "2015.10.04"]
[EventType "team-tourn"]
[EventRounds "11"]
[EventCountry "SVK"]
[SourceTitle "EXT 2020"]
[Source "ChessBase"]
[SourceDate "2019.10.17"]
[SourceVersion "1"]
[SourceVersionDate "2019.10.17"]
[SourceQuality "1"]

1. e4 c5 2. Nf3 e6 3. d4 cxd4 4. Nxd4 a6 5. Nc3 Nc6 6. Nb3 Nf6 7. a3 b5 8. Be3 Bb7 9. Nc5 Bxc5 10. Bxc5 Rc8 11. Be3 0-0 12. f3 d5 13. Bf2 dxe4 14. fxe4 Ne5 15. Bd3 Qc7 16. Bg3 Rfd8 17. Qe2 Nxd3+ 18. cxd3 Qb6 19. Bf2 Qc6 20. 0-0 Nd7 21. Be3 Ne5 22. Rad1 Rd7 23. d4 Nc4 24. d5 exd5 25. exd5 Qg6 26. Bc1 Rcd8 27. Rd4 h6 28. Rfd1 Qf5 29. Qd3 Qxd3 30. R4xd3 g5 31. Ne4 Kg7 32. Nc5 Rxd5 33. Rxd5 Rxd5 34. Rxd5 Bxd5 35. Nxa6 Ne5 36. Nc5 Kf6 37. b3 Ke7 38. Bb2 Nc6 39. b4 1/2-1/2

[Event "SVK-chT4 A22 1415"]
[Site "Slovakia"]
[Date "2014.10.12"]
[Round "1.3"]
[White "Polak, Peter"]
[Black "Kosar, Mikulas"]
[Result "1/2-1/2"]
[WhiteElo "1653"]
[BlackElo "1820"]
[PlyCount "125"]
[EventDate "2014.10.12"]
[EventType "team-tourn"]
[EventRounds "11"]
[EventCountry "SVK"]
[SourceTitle "EXT 2019"]
[Source "ChessBase"]
[SourceDate "2018.10.10"]
[SourceVersion "1"]
[SourceVersionDate "2018.10.10"]
[SourceQuality "1"]

1. e4 c5 2. Nf3 e6 3. d4 cxd4 4. Nxd4 Nc6 5. a3 Nf6 6. Nc3 a6 7. Be3 g6 8. Be2 Bg7 9. 0-0 0-0 10. Qd2 Qc7 11. f4 d6 12. a4 Rd8 13. Rad1 Ne7 14. Qc1 b6 15. Bf3 Bb7 16. Rf2 Rac8 17. Qa1 Nd7 18. Rfd2 Nf6 19. Qa3 Rd7 20. Nb3 Rcd8 21. a5 bxa5 22. Qxa5 Qb8 23. Bb6 Rc8 24. Be3 Nc6 25. Qa3 Bf8 26. Qa4 Qc7 27. Nd4 Qb6 28. Qb3 Qxb3 29. Nxb3 Nb4 30. Na5 Ba8 31. Kf2 d5 32. exd5 exd5 33. Bd4 Ne4+ 34. Bxe4 dxe4 35. Be3 Rxd2+ 36. Rxd2 f5 37. Nb3 Be7 38. Ke2 Kf7 39. Kd1 Ke8 40. g3 Bf6 41. Nd4 Ke7 42. h4 h5 43. Ke1 Bb7 44. Kd1 Rc4 45. Kc1 Bg7 46. Kb1 Rc8 47. Kc1 Rd8 48. Kd1 Rd7 49. Kc1 Bxd4 50. Rxd4 Rxd4 51. Bxd4 Ke6 52. Kd2 Bc6 53. Be3 a5 54. Bb6 a4 55. Bc5 Nd5 56. Nxd5 Kxd5 57. Ba7 Kc4 58. Be3 Bb5 59. Ba7 Bc6 60. Be3 Bd5 61. Ba7 Kb4 62. Be3 Ba2 63. Ba7 1/2-1/2

[Event "SVK-chT4 A22 1314"]
[Site "Slovakia"]
[Date "2014.01.12"]
[Round "6.2"]
[White "Vlkovic, Pavol"]
[Black "Polak, Peter"]
[Result "1/2-1/2"]
[WhiteElo "1819"]
[BlackElo "1631"]
[PlyCount "61"]
[EventDate "2013.10.06"]
[EventType "team-tourn"]
[EventRounds "11"]
[EventCountry "SVK"]
[SourceTitle "EXT 2015"]
[Source "ChessBase"]
[SourceDate "2014.11.20"]
[SourceVersion "1"]
[SourceVersionDate "2014.11.20"]
[SourceQuality "1"]
[WhiteTeam "Cifer II"]
[BlackTeam "Dolna Krupa SK"]
[WhiteTeamCountry "SVK"]
[BlackTeamCountry "SVK"]

1. e4 c5 2. Nf3 d6 3. c3 Nf6 4. h3 Nc6 5. Bd3 g6 6. Bc2 e5 7. 0-0 Bg7 8. d4 cxd4 9. cxd4 0-0 10. a3 a6 11. Nc3 b5 12. Be3 Bb7 13. Qd2 Rc8 14. Bg5 Qc7 15. Rac1 Na5 16. dxe5 dxe5 17. Bxf6 Bxf6 18. Qh6 Qe7 19. Nd5 Bxd5 20. exd5 Nc4 21. Rfe1 Nxb2 22. Re2 Nc4 23. Rce1 Bg7 24. Qc1 Nxa3 25. Nxe5 Bxe5 26. Rxe5 Qc5 27. R1e4 Qxc2 28. Qxa3 Qc1+ 29. Qxc1 Rxc1+ 30. Kh2 Rd1 31. Re2 1/2-1/2